000 00502nam a2200169Ia 4500
003 GCL
008 140319s9999 xx 000 0 ara d
040 _aGCL /
_cGCL
082 0 4 _aد
_b050
100 1 _aابراهيم حمادة
245 1 0 _aفى المسرح الاوروبى الحديث ( اقرا 574 ) /
_cابراهيم حمادة
300 _a152 ص
490 _aوثائق ونصوص
_v0
650 0 4 _aالمسرح - اوروبا
650 0 4 _aاوربا فى الفن
942 _2ddc
_cCF
999 _c27403
_d27403